=LDR 00000nam 2200000 4500 =001 INLIS000000000015237 =005 20130612110522 =008 ***********************************Ind** =035 ##$$a0010-061300000015237 =041 ##$$a Ind =082 ##$$a 621.31 =090 ##$$a 621.31, Dan-p =100 ##$$a Dandekan, M.M =245 ##$$a Pembangkit Listrik Tenaga Air, M.M Dandekan, K.N Sharma =260 ##$$a 1991 $b Jakarta =300 ##$$a XIV, 566 hlm, Ilus, 21 cm =650 ##$$a Listrik, Tenaga Air =850 ##$$a NBPNMAT =990 ##$$a 0001/BPAP-NTB/20142014 =990 ##$$a 87788778 =990 ##$$a 01201708778 =990 ##$$a 00039771 =990 ##$$a 00039772 =990 ##$$a 00039773 =990 ##$$a 00052200 =990 ##$$a 0001/BPAP-NTB/20142014